Loading...
| Fine Arts - Classical Music | 0 | 5 | 0 | 2 | 50 | 74 | 104.80 | 0 | 1 | 6.37 | 18.89 |
| Religion | 0 | 3 | 1 | 0 | 25 | 57 | 68.67 | 2 | 2 | 11.60 | 26.67 |
| Fine Arts - Other | 0 | 3 | 1 | 2 | 25 | 33 | 85.00 | 0 | 1 | 7.11 | 10.00 |
| Mythology | 0 | 2 | 0 | 0 | 20 | 70 | 70.50 | 0 | 0 | 6.99 | 10.00 |
| Fine Arts - Painting and Sculpture | 0 | 2 | 0 | 0 | 20 | 104 | 108.00 | 0 | 0 | 1.70 | 6.67 |
| History - European | 0 | 2 | 0 | 0 | 20 | 64 | 64.50 | 0 | 1 | 7.65 | 12.22 |
| History - World | 0 | 2 | 1 | 1 | 15 | 43 | 72.00 | 0 | 0 | 6.33 | 11.11 |
| History - Other | 0 | 1 | 0 | 0 | 10 | 57 | 57.00 | 0 | 1 | 4.82 | 7.78 |
| Current Events | 0 | 1 | 0 | 0 | 10 | 56 | 56.00 | 0 | 0 | 9.63 | 8.89 |
| Literature - European | 0 | 1 | 0 | 0 | 10 | 65 | 65.00 | 0 | 0 | 4.88 | 5.56 |
| Literature - World | 0 | 1 | 0 | 0 | 10 | 98 | 98.00 | 0 | 0 | 2.16 | 3.33 |
| Popular Culture | 0 | 1 | 0 | 0 | 10 | 29 | 29.00 | 0 | 1 | 14.91 | 15.56 |
| History - American | 0 | 1 | 1 | 0 | 5 | 84 | 84.00 | 0 | 0 | 2.36 | 1.11 |